Understanding Geographical Map Entries/ (Record no. 205216)

MARC details
000 -LEADER
fixed length control field 00666nam a22002057a 4500
005 - DATE AND TIME OF LATEST TRANSACTION
control field 20240923152711.0
010 ## - LCCN (DPL NO)
LC control number ENG-141379
020 ## - INTERNATIONAL STANDARD BOOK NUMBER
International Standard Book Number 9780070702882
Terms of availability 499.00
035 ## - SYSTEM CONTROL NUMBER
System control number EN-124911
037 ## - SOURCE OF ACQUISITION
Source of stock number/acquisition DBAD
082 ## - DEWEY DECIMAL CLASSIFICATION NUMBER
Classification number 000
Edition number 2
100 ## - MAIN ENTRY--PERSONAL NAME
Personal name Husain, Majid
245 ## - TITLE STATEMENT
Title Understanding Geographical Map Entries/
Statement of responsibility, etc By Majid Husain
250 ## - EDITION STATEMENT
Edition statement 2
260 ## - PUBLICATION, DISTRIBUTION, ETC. (IMPRINT)
Name of publisher, distributor, etc McGraw Hill Education India Pvt Limited
Date of publication, distribution, etc 2011
Place of publication, distribution, etc Chennai
270 ## - ADDRESS
Address 444/1, Sri Ekambara Naicker Industrial Estate, Alapakkam
City Chennai
Postal code 600116
300 ## - PHYSICAL DESCRIPTION
Extent Various Pages
Dimensions 24c(pbk)
Other physical details ill.
500 ## - GENERAL NOTE
General note For Civil Services Examination
942 ## - ADDED ENTRY ELEMENTS (KOHA)
Source of classification or shelving scheme Dewey Decimal Classification
Item type English Books
Classification part 000
Call number suffix HUS
Edition 2
Holdings
Withdrawn status Lost status Not for loan Collection code Home library Current library Date acquired Source of acquisition Cost, normal purchase price Full call number Barcode Copy number Cost, replacement price Koha item type
      Non-fiction Shahdara Branch Shahdara Branch 22/08/2024 Delivery of Books Act Division 499.00 000 HUS EN-124911 1 499.00 English Books

© Delhi Public Library
Hit Counter
free hit counter